Full HD projektor vytvorený s Hollywoodom kinoatmosféra v domácom prostredí

Bibliographic Details
Main Author: Orgonáš, Jozef (Author)
Format: Article
Language:Slovak
PhysicalDescription:Fotogr.
ISSN:1335-0226
Subjects:

MARC

LEADER 00000nab a2200000 a 4500
001 vtls009183191
003 SK-MaSNL
005 20260304150932.0
008 250506c2007 xo |||||||||||000 b|slo
015 |a SNBRB2008/02  |2 snkbucl 
035 |a (uuid)ce20c71c-1819-4228-9517-f30d98a11fe7 
035 |a urn:nbn:sk:snk-ab11sn 
035 |a (urnnbn)urn:nbn:sk:snk:ar-a05ezm 
038 |a SNKBUCL 
040 |a SNKBUCL  |b slo  |c SNKBUCL  |e AACR2 
041 0 |a slo 
044 |a xo  |c SK 
080 |a 681.775:061.5  |2 2001 
080 |a 778.27  |2 2001 
080 |a 621.397  |2 2001 
100 1 |a Orgonáš, Jozef  |4 aut  |9 197663 
245 1 0 |a Full HD projektor vytvorený s Hollywoodom  |b kinoatmosféra v domácom prostredí  |c Jozef Orgonáš 
300 |b Fotogr. 
610 2 7 |a Panasonic  |2 snkbucl  |9 1035657 
650 0 7 |a projektory  |2 snkbucl  |9 67243 
773 0 |t PC revue  |g Roč. XV, č. 12 (2007), s. 48-49  |x 1335-0226 
850 |a Slovenská národná knižnica 
852 |a Slovenská národná knižnica 
954 |a odborná, vedecká literatúra pôvodná (slovenská)  |2 lita 
958 |a article27 
958 |a OND 
958 |a EUIPO 
999 |c 2940521  |d 2942451